-
Sundaram A.k and Black J. S
Entry Personal Name
Number of records used in: 1
001 - CONTROL NUMBER
003 - CONTROL NUMBER IDENTIFIER
005 - DATE AND TIME OF LATEST TRANSACTION
- control field:
20180411110059.0
008 - FIXED-LENGTH DATA ELEMENTS
- fixed length control field:
180411|| aca||aabn | a|a d
040 ## - CATALOGING SOURCE
- Original cataloging agency:
OSt
- Transcribing agency:
OSt
100 ## - HEADING--PERSONAL NAME
- Personal name:
Sundaram A.k and Black J. S
670 ## - SOURCE DATA FOUND
- Source citation:
Work cat.: (OSt)982: Sundaram A.k and Black J. S, The International Business Environment Text and Cases, 2001